书目信息 |
| 题名: |
中国小说史料
|
|
| 作者: | 孔另境 编辑 | |
| 分册: | ||
| 出版信息: | 上海 上海古籍出版社 1982.12 |
|
| 页数: | 309页 | |
| 开本: | 19cm | |
| 丛书名: | ||
| 单 册: | ||
| 中图分类: | I210.91 | |
| 科图分类: | ||
| 主题词: | ||
| 电子资源: | ||
| ISBN: | ||
| 000 | 00457nam0 2200181 45 | |
| 001 | 0181017567 | |
| 005 | 20060819084425.26 | |
| 010 | @dCNY0.94 | |
| 100 | @a20810111d km y0chiy0120 ea | |
| 101 | 0 | @achi |
| 200 | 1 | @Azhongguoxiaoshuoshiliao@a中国小说史料@f孔另境编辑 |
| 205 | @a新1版 | |
| 210 | @a上海@c上海古籍出版社@d1982.12 | |
| 215 | @a309页@d19cm | |
| 690 | @aI210.91 | |
| 701 | 0 | @a孔另境@4编辑 |
| 801 | @aCN@bTSTC@c20060819 | |
| 905 | @dI210.91@e148=2 | |
| 中国小说史料/孔另境编辑.-新1版.-上海:上海古籍出版社,1982.12 |
| 309页;19cm |
| ISBN :CNY0.94 |
| ● |
| 相关链接 |
|
|
|
|
正题名:中国小说史料
索取号:I210.91/148=2
 
预约/预借
| 序号 | 登录号 | 条形码 | 馆藏地/架位号 | 状态 | 备注 |
| 1 | 0467948 | 204679482 | 密集书库/ [索取号:I210.91/148=2] | 在馆 | |
| 2 | 0467949 | 204679491 | 密集书库/ [索取号:I210.91/148=2] | 在馆 | |
| 3 | 0469336 | 204693368 | 密集书库/ [索取号:I210.91/148=2] | 在馆 | |
| 4 | 0469732 | 204697328 | 密集书库/ [索取号:I210.91/148=2] | 在馆 |